| 000 | 01365cam a22003617a 4500 | ||
|---|---|---|---|
| 003 | CHAP | ||
| 005 | 20220329133620.0 | ||
| 008 | 971013s1992 r 00010 d | ||
| 010 | _a8599 | ||
| 011 | _a9571 | ||
| 035 | _a8806 | ||
| 040 | _cCHAP | ||
| 082 |
_a382.1 _bC48 |
||
| 100 | 0 | 0 |
_aChávez, Fernando J . _922804 |
| 245 | 0 |
_aVínculos económicos entre México y Centroamérica en la última década 1981-1991 _b: un diagnóstico global |
|
| 260 |
_aMéxico, D.F. : _bFundación Friedrich Ebert, _c1992 |
||
| 300 | _a110 p. | ||
| 490 | 0 |
_aFuncdación Friedrich Ebert. Documentos de trabajo _v; 42 |
|
| 590 |
_aBATCH-UPD _b10 _c20130109 _lUCH01 _h2352 |
||
| 590 |
_aBATCH-UPD _b10 _c20130110 _lUCH01 _h1332 |
||
| 590 |
_aBATCH-UPD _b10 _c20130409 _lUCH01 _h1924 |
||
| 590 |
_aBATCH-UPD _b10 _c20130410 _lUCH01 _h0837 |
||
| 590 |
_aBATCH-UPD _b10 _c20130914 _lUCH01 _h0927 |
||
| 590 |
_aCONVERSION _b10 _c20130109 _lUCH01 _h1306 |
||
| 650 | 1 | 4 |
_aComercio internacional. _925641 |
| 650 | 1 | 4 |
_aMéxico _xComercio _xAmérica Central. _976670 |
| 650 | 1 | 4 |
_aRelaciones económicas internacionales. _995813 |
| 830 | 0 |
_aFuncdación Friedrich Ebert. Documentos de trabajo _v; 42 _943952 |
|
| 901 | _aBK | ||
| 942 | _cLIBRO | ||
| 949 |
_a382.1 C48 _bBC _cLIBRO _d33724000440012 _eLIBRO _h84277 _i8806 _si |
||
| 949 |
_a382.1 C48 _bBC _cLIBRO _d33724000594057 _eLIBRO _fc.2 _h92957 _i8806 _sb |
||
| 999 |
_c8599 _d8599 |
||